Rozvíjanie poznania predškoláka

Bibliographic Details
Main Authors: Nováček, Miroslav (Author), Lumtzer, Juraj (Author)
Other Authors: Muriňák, František (Illustrator)
Format: Book
Language:Slovak
PhysicalDescription:36 s. 30 cm
Published: Košice NOMI [1998]
ISBN:8096801813
Subjects:

MARC

LEADER 00000nam a2200000 a 4500
001 vtls001358567
003 SK-MaSNL
005 20260301115012.0
008 240314s1998 xo 0 slo
015 |a SNBG1999/02-01247 
020 |a 8096801813 
035 |a SNK000312093 
035 |a urn:nbn:sk:snk-amthvw 
035 |a urn:nbn:sk:snk-am00c4hb 
035 |a 20A58F41-16EB-4FED-ACD7-097CF6C5FB53 
040 |a SNK  |b slo  |c SNK  |e AACR2 
041 0 |a slo 
044 |a xo  |c SK 
080 |a 373.21:372.3(084)  |2 1981 
080 |a 372.3  |2 1981 
100 1 |a Nováček, Miroslav  |4 aut  |9 46022 
245 1 0 |a Rozvíjanie poznania predškoláka  |c autor: Miroslav Nováček, Juraj Lumtzer ; ilustroval: František Muriňák 
260 |a Košice  |b NOMI  |c [1998] 
300 |a 36 s.  |c 30 cm 
650 0 7 |a predškolská výchova  |2 SNKPH  |9 3959 
655 7 |a pracovné zošity  |2 SNKPH  |9 70188 
700 1 |a Lumtzer, Juraj  |4 aut  |9 45408 
700 1 |a Muriňák, František  |4 ill  |9 45940 
919 |a 80-968018-1-3 
958 |a GPZ 
958 |a TL 
958 |a DB 
999 |c 720595  |d 722525 
952 |t P60, <03>, [BOOK], {603}  |a SNK  |b SNK  |y PREZ  |7 0  |p 17A0189361  |o snkSB 60072  |i snkKSP 3873/99  |0 0  |1 0  |4 0  |d 1999-04-20  |f 1  |l 0  |r 2025-04-09 00:00:00  |w 2026-02-23